| 000 | 00711nam a2200181Ia 4500 | ||
|---|---|---|---|
| 003 | GCL | ||
| 008 | 140319s9999 xx 000 0 ara d | ||
| 040 |
_aGCL / _cGCL |
||
| 082 | 0 | 4 |
_a953 _bس ت |
| 100 | 1 | _aسيف الاسلام بن سعود بن عبدالعزيز | |
| 245 | 1 | 0 |
_aتنهيدة العربى الأخيرة : _bرؤية تاريخية مغايرة / _cسيف الاسلام بن سعود بن عبدالعزيز |
| 260 |
_aالقاهرة : _bشركة الاسبوع للصحافة والطباعة والنشر ، _c2002 |
||
| 300 |
_a219 ص ؛ _c22 سم |
||
| 490 | _a | ||
| 650 | 0 | 4 | _aالتاريخ الاسلامى |
| 650 | 0 | 4 | _aالعالم العربى - تاريخ |
| 942 |
_2ddc _cBK |
||
| 999 |
_c59082 _d59082 |
||